<The> Changing Role of SMEs in Global Business

Saved in:
Bibliographic Details
Other Authors: Thrassou, Alkis, Vrontis, Demetris, Weber, Yaakov, Shams, S.M. Riad, Tsoukatos, Evangelos
Format: Book
Language:English
Published: Cham Palgrave Macmillan 2020
Subjects:
Tags: Add Tag
No Tags, Be the first to tag this record!

MARC

LEADER 00000nam a2200000 4500
001 0279573
005 20240417073812.2
020 |a 978-3-030-45830-0 
020 |a 978-3-030-45831-7 
022 |a 2523-8167 
022 |a 2523-8175 (electronic) 
041 0 |a eng 
044 |a CH 
245 1 0 |a <The> Changing Role of SMEs in Global Business  |c Edited by: Alkis Thrassou, Demetris Vrontis, Yaakov Weber, S.M. Riad Shams, Evangelos Tsoukatos 
264 1 |a Cham  |b Palgrave Macmillan  |c 2020 
300 |a 258 s. 
610 2 0 |a podnik malý 
610 2 0 |a podnik stredný 
610 2 0 |a podnikanie 
610 2 0 |a teória a prax 
610 2 0 |a stratégia podnikateľská 
610 2 0 |a manažment 
610 2 0 |a marketing 
610 2 0 |a financie podnikové 
610 2 0 |a kríza finančná 
610 2 0 |a inovácia 
610 2 0 |a kvalita 
610 2 0 |a digitalizácia 
700 1 |a Thrassou, Alkis 
700 1 |a Vrontis, Demetris 
700 1 |a Weber, Yaakov 
700 1 |a Shams, S.M. Riad 
700 1 |a Tsoukatos, Evangelos